01021nam a2200229Ia 4500003000400000005001700004008004100021020001800062040002100080041000800101082001600109100002900125245010300154250002200257260005700279300006300336490001600399500004300415520026800458534004500726650002000771OSt20200619152957.0191128t2009 ck a gr 000 j spa d a9789583027109 aCO-JMCRcCO-JMCR aspa04aH / bROMn 1 aRoman, Annette, eautora10aNiños en la guerra : bde niños a hombres / cRoman Annette; traducción Felipe Estrada Prada aPrimera edición aBogotá : bPanamericana ; The World Bank, c©2009 a43 páginas : bilustraciones a blanco y negro ; c20 cm.0 aMundo Manga aRecomendado para mayores de 15 años. aRei, un huérfano de quince años, sobrevive gracias a su ingenio y su instinto en las terribles calles del mundo. Su suerte cambia cuando conoce a un misterioso extraño que le ofrece su ayuda para que consiga si sueño de convertirse en el mejor luchador… p1 world manga: passage 4: child soldiers aTiras cómicas